000 003380000a22001450004500
003 LK-CoMWRAF
008 230817t ||||| |||| 00| 0 eng d
040 _aLK-CoMWRAF
_dLK-CoMWRAF
_eLK-CoMWRAF
041 _aeng
082 _a502
_bKNO
245 _aKnow Your Rights
_b
260 _aPakistan
_bShirkat Gah
_c
300 _ap.22
942 _cBK
999 _c267
_d267